Index: Index Rervm Et Vocvm Omnivm Annotatv Dignarvm In Tomos Omnes Opervm D. Hieronymi Cum interpretatione nominum Graecorum & Hebraeorũ, additis etiam locis sacrarum scripturarum per universum opus sparsim explicatarum, à uiris trium linguarum peritissimis olim conscriptus, nunc postremum in pietatis studiosorum gratiam à D. Henrico Pantaleone magna diligentia reuisus, auctus & perfectus
| Main Author: | |
|---|---|
| Corporate Author: | |
| Other Authors: | , , |
| Format: | Book |
| Language: | Latin Greek, Modern (1453- ) Hebrew |
| PhysicalDescription: | A6 - S6 [=108] listov 2° |
| Published: |
Basileae
Ex Officina Frobeniana, Per Hieronymvm Frobenivm Et Nicolavm Episcopivm
Anno M D LIII. [=1553] Mense Augusto
|
| Subjects: |
MARC
| LEADER | 00000nam a2200000 a 4500 | ||
|---|---|---|---|
| 001 | vtls011997038 | ||
| 003 | SK-MaSNL | ||
| 005 | 20260301190604.0 | ||
| 008 | 251112s1553 sz f 001 0 lat | ||
| 015 | |a SNBHFA1553 | ||
| 040 | |a SNKHF |b slo |c SNK |e AACR2 | ||
| 041 | 0 | |a lat |a gre |a heb | |
| 044 | |a sz |c CH | ||
| 072 | 7 | |a 2-1 |x Prirodzená teológia. Náboženská filozofia |2 konspekt | |
| 080 | |a 2‑1 |2 2011 | ||
| 080 | |a 2‑21 |2 2011 | ||
| 080 | |a 27‑271.5 |2 2011 | ||
| 100 | 1 | |a Hieronymus, Sophronius Eusebius, |d asi 347-420 |4 aut |9 128251 | |
| 245 | 1 | 0 | |a Index: Index Rervm Et Vocvm Omnivm Annotatv Dignarvm In Tomos Omnes Opervm D. Hieronymi |b Cum interpretatione nominum Graecorum & Hebraeorũ, additis etiam locis sacrarum scripturarum per universum opus sparsim explicatarum, à uiris trium linguarum peritissimis olim conscriptus, nunc postremum in pietatis studiosorum gratiam à D. Henrico Pantaleone magna diligentia reuisus, auctus & perfectus |
| 260 | |a Basileae |b Ex Officina Frobeniana, Per Hieronymvm Frobenivm Et Nicolavm Episcopivm |c Anno M D LIII. [=1553] Mense Augusto | ||
| 300 | |a A6 - S6 [=108] listov |c 2° | ||
| 500 | |a Signety, iniciálky s ornamentálnym a figurálnym pozadím v rámčeku na 4 - 11 riadkov | ||
| 501 | |a Príväzok 5. k: HIERONYMUS, Sophronius Eusebius. Septimvs Tomvs, Cvi Insvnt, In Parabolas Salomonis Commentarii, In Ecclesiasten Commentarii. Basileae: Ex Officina Frobeniana, 1553. |5 SNK IA 1199/1,7-9,reg.,dodatok | ||
| 504 | |a Kustody | ||
| 508 | |a Predslov | ||
| 510 | 4 | |a VD 16 H/3485 | |
| 546 | |a Latinčina |b Antiqua |b Kurzíva | ||
| 546 | |a Gréčtina |b Kurzíva | ||
| 546 | |a Hebrejčina |b Fraktúra | ||
| 561 | |a Z knižnice františkánov Trnava. |5 SNK IA 1199/1,7-9,reg.,dodatok/prív.5 | ||
| 562 | |a Defekt: zachoval sa len začiatok knihy, t.j. prvých 12 listov. |5 SNK IA 1199/1,7-9,reg.,dodatok/prív.5 | ||
| 650 | 0 | 7 | |a teológia |2 SNKPH |9 1814 |
| 650 | 0 | 7 | |a kresťanstvo |2 SNKPH |9 2024 |
| 650 | 0 | 7 | |a registre |2 SNKPH |9 49749 |
| 700 | 1 | |a Episcopius, Nikolaus, |c starší, |d 1501-1564 |4 prt |9 180598 | |
| 700 | 1 | |a Froben, Hieronym, |c starší, |d 1501-1563 |4 prt |9 180599 | |
| 700 | 1 | |a Pantaleon, Heinrich, |d 1522-1595 |4 aui |9 169192 | |
| 710 | 1 | |a Františkáni (Trnava, Slovensko) |4 fmo |9 305289 | |
| 710 | 1 | |a Froben, Hieronym starší - Episcopius, Nikolaus starší (Bazilej, Švajčiarsko), |d 1529-1564 |4 prt |9 52398 | |
| 752 | |a Švajčiarsko |d Bazilej | ||
| 852 | |a snk |b Františkáni Trnava |p IA 1199/1,7-9,reg.,dodatok/prív.5 | ||
| 958 | |a DA | ||
| 958 | |a ONDV | ||
| 999 | |c 868049 |d 869979 | ||
| 952 | |t Fr Tt 24 417 |a SNK |b SNK |c SNK_HF |y PREZ |7 0 |p 17A1358042 |o snkIA 1199/1,7-9,reg.,dodatok/prív.5 |i snk2020/18277 |8 5 |z 5. príväzok |0 0 |1 0 |4 0 |d 2020-10-09 |l 0 |r 2026-02-24 05:33:06 |w 2026-02-24 | ||


